Guru Gobind Singh: (Record no. 1680269)

MARC details
000 -LEADER
fixed length control field 00758nam a22002537a 4500
005 - DATE AND TIME OF LATEST TRANSACTION
control field 20260226124443.0
008 - FIXED-LENGTH DATA ELEMENTS--GENERAL INFORMATION
fixed length control field 260226b |||||||| |||| 00| 0 eng d
020 ## - INTERNATIONAL STANDARD BOOK NUMBER
International Standard Book Number 978-93-6388-883-8
037 ## - SOURCE OF ACQUISITION
Terms of availability TB
040 ## - CATALOGING SOURCE
Original cataloging agency CRL
Transcribing agency CRL
041 ## - LANGUAGE CODE
Source of code eng
Language code of text/sound track or separate title eng
084 ## - COLON CLASSIFICATION NUMBER
Classification number Q8441xK66 R5
Assigning agency CRL
100 ## - MAIN ENTRY--PERSONAL NAME
Personal name Gandhi, Varinder Kaur
9 (RLIN) 1116744
245 ## - TITLE STATEMENT
Title Guru Gobind Singh:
Remainder of title a saint soldier
260 ## - PUBLICATION, DISTRIBUTION, ETC.
Place of publication, distribution, etc. Punjab, India:
Name of publisher, distributor, etc. Rigi Publication,
Date of publication, distribution, etc. 2025.
300 ## - PHYSICAL DESCRIPTION
Extent 204p.
365 ## - TRADE PRICE
Price amount 499
Currency code INR
650 ## - SUBJECT ADDED ENTRY--TOPICAL TERM
Topical term or geographic name entry element Sikhism
9 (RLIN) 1116745
650 ## - SUBJECT ADDED ENTRY--TOPICAL TERM
Topical term or geographic name entry element Guru Gobind Singh
9 (RLIN) 1116746
650 ## - SUBJECT ADDED ENTRY--TOPICAL TERM
Topical term or geographic name entry element Religions
9 (RLIN) 1116747
700 ## - ADDED ENTRY--PERSONAL NAME
Personal name Johar, K.L.
Relator term Author
9 (RLIN) 1116748
942 ## - ADDED ENTRY ELEMENTS (KOHA)
Source of classification or shelving scheme Colon Classification (CC)
Koha item type Textbook
Classification part Q8441xK66 R5
Suppress in OPAC No
Holdings
Withdrawn status Lost status Source of classification or shelving scheme Damaged status Not for loan Home library Current library Date acquired Source of acquisition Cost, normal purchase price Total Checkouts Full call number Barcode Date last seen Price effective from Koha item type
    Colon Classification (CC)     Central Library Central Library 2026-02-26 Gift 499.00   Q8441xK66 R5 CL1700311 2026-02-26 2026-02-26 Textbook
Copyright @ Delhi University Library System